Name all bleach characters(manga only) Quiz Stats

 Plays Quiz not verified by Sporcle

Challenge
Share
Tweet
Embed
Score 0/84 Timer 20:00
0 Plays Today
% Correct
Ichigo
98.8%
Rukia
93.2%
Chad
88%
Orihime
87%
Renji
83.7%
Aizen
80.4%
Byakuya
79%
Uryu
77.5%
Gin
77.2%
Kenpachi
72.8%
Hitsugaya
70.2%
Karin
70.2%
Yamamoto
66.9%
Soi Fon
66%
Rangiku
64.5%
Kisuke
64%
Yuzu
62.6%
Grimmjow
62.3%
Isshin
62.1%
Momo
60.6%
Yoruichi
59.9%
Ukitake
57.4%
Unohana
56.9%
Ulquiorra
56.1%
Tosen
55%
Ikkaku
53.6%
Kon
52.9%
Mayuri
52.4%
% Correct
Izuru
51.8%
Yachiru
51.4%
Shinji
51.3%
Tatsuki
49.1%
Nemu
47.4%
Nel
47%
Komamura
46.1%
Hisagi
45.7%
Shunsui
45%
Nanao
44.6%
Ururu
44.5%
Yumichika
44.4%
Isane
44.2%
Love
43.2%
Keigo
43%
Yammy
42.3%
Kaien
42%
Jinta
40.1%
Lisa
39.4%
Starrk
38.7%
Harribel
37.9%
Omaeda
37.1%
Tessai
36.9%
Hiyori
36.9%
Ganju
36.6%
Hanataro
36%
Kensei
34%
Masaki
32.7%
% Correct
Barragan
32.5%
Hachi
31%
Kukaku
29.8%
Mizuiro
28.2%
Mashiro
28.1%
Tetsuzaemon
26.6%
Chojiro
25.3%
Ryuken
25%
Nnoitora
24.5%
Zommari
24.1%
Kiyone
23.6%
Szayelaporro
22.7%
Aaroniero
22.4%
Grand Fisher
21.5%
Lilynette
21.2%
Luppi
20.4%
Pesche
20%
Sentaro
18.9%
Wonderweiss
17.1%
Dondochakka
16.7%
Cirucci
13.7%
Ginrei
13.4%
Dordoni
12.7%
Soken
12.3%
Gantenbainne
7.7%
Hikifune
6%
Rudobone
4.9%
1.6%

You're not logged in!

Compare scores with friends on all Sporcle quizzes.
Join for Free
OR
Log In

You Might Also Like...

Show Comments

Extras

Created Dec 25, 2009ReportFavoriteNominate
Tags:bleach, character, manga

Top Quizzes Today


Score Distribution

Your Account Isn't Verified!

In order to create a playlist on Sporcle, you need to verify the email address you used during registration. Go to your Sporcle Settings to finish the process.

Report this User

Report this user for behavior that violates our Community Guidelines.

Details: